| 000 | 01083cam a22003014a 4500 | ||
|---|---|---|---|
| 999 |
_c62215 _d62215 |
||
| 001 | 16127919 | ||
| 003 | GE_BSU | ||
| 005 | 20240802142141.0 | ||
| 008 | 100310s2005 en a 001 0 eng | ||
| 010 | _a 2010008046 | ||
| 020 | _a9780781799836 X | ||
| 040 |
_aDLC _cDLC |
||
| 080 | _a577.1 Ch-43 | ||
| 100 | 1 |
_aChampe, pamela C _cPh. D. _923051 |
|
| 245 | 1 | 0 |
_aLippincott's illustrated reviews: Biochemistry / _cPamela c.champe, Richard A. Harvey, Denise R. Ferrier |
| 250 | _a3rd ed. | ||
| 260 |
_aPhiladelphia : _bLippincott Williams and Wilkins, _c2005. |
||
| 300 |
_a534 p. : _bcol. ill. ; _c28 cm. |
||
| 650 | 0 |
_aBiochemistry _vOutlines, syllabi, etc. _923052 |
|
| 650 | 0 |
_aBiochemistry _vExaminations, questions, etc. _923053 |
|
| 650 | 0 |
_aClinical biochemistry _vOutlines, syllabi, etc. _923054 |
|
| 650 | 0 |
_aClinical biochemistry _vExaminations, questions, etc. _923055 |
|
| 653 | _aბიოქიმია | ||
| 700 |
_a Harvey, Richard A. _923056 |
||
| 700 |
_a Ferrier, Denise R _923057 |
||
| 906 |
_a7 _bcbc _corignew _d1 _eecip _f20 _gy-gencatlg |
||
| 942 |
_2udc _cBK |
||